[Event "GER-chT Federal Cup (Women)"]
[Site "Braunfels"]
[Date "2013.05.31"]
[Round "2.5"]
[White "Hielscher, Ursula"]
[Black "Heymann, Anna Luise"]
[Result "0-1"]
[WhiteElo "1904"]
[BlackElo "1988"]
[PlyCount "88"]
[EventDate "2013.05.30"]
[EventType "team-swiss"]
[EventRounds "5"]
[EventCountry "GER"]
[SourceTitle "EXT 2014"]
[Source "ChessBase"]
[SourceDate "2013.11.20"]
[SourceVersion "1"]
[SourceVersionDate "2013.11.20"]
[SourceQuality "1"]
[WhiteTeam "Schleswig Holstein (W)"]
[BlackTeam "Hessen (W)"]
[WhiteTeamCountry "GER"]
[BlackTeamCountry "GER"]

1. d4 Nf6 2. c4 g6 3. Nc3 Bg7 4. e4 d6 5. f3 0-0 6. Be3 c6 7. Qd2 e5 8. d5 cxd5 9. cxd5 Ne8 10. Bd3 f5 11. exf5 gxf5 12. Bg5 Nf6 13. Qc2 Qa5 14. Bd2 Na6 15. Nb5 Nb4 16. Qb3 Nxd3+ 17. Qxd3 Qa6 18. Qb3 Ne8 19. Rc1 Bd7 20. Nc7 Nxc7 21. Rxc7 Bb5 22. a4 Bxa4 23. Qxb7 Qxb7 24. Rxb7 Rfb8 25. Rb4 Bb3 26. Ne2 Bxd5 27. Ng3 Be6 28. 0-0 d5 29. Rc1 Bf8 30. Ra4 e4 31. fxe4 fxe4 32. Bc3 Bh6 33. Re1 Bg7 34. Bxg7 Kxg7 35. Re2 Kf6 36. Kf2 a5 37. Ra3 a4 38. Rc3 Rc8 39. Ra3 Ke5 40. b3 Bg4 41. Re1 axb3 42. Rxb3 Ra2+ 43. Kf1 Rcc2 44. Rb7 Rf2+ 0-1

[Event "Hessenliga 1112"]
[Site "Germany"]
[Date "2012.05.13"]
[Round "9.6"]
[White "Diez, Gerhard"]
[Black "Heymann, Anna Luise"]
[Result "1-0"]
[WhiteElo "2098"]
[BlackElo "2025"]
[PlyCount "79"]
[EventDate "2011.09.25"]
[EventType "team-tourn"]
[EventRounds "9"]
[EventCountry "GER"]
[SourceTitle "EXT 2013"]
[Source "ChessBase"]
[SourceDate "2012.11.22"]
[SourceVersion "1"]
[SourceVersionDate "2012.11.22"]
[SourceQuality "1"]
[WhiteTeam "Bad Nauheim"]
[BlackTeam "Hofheim II"]
[WhiteTeamCountry "GER"]
[BlackTeamCountry "GER"]

1. e4 e5 2. Nf3 Nc6 3. Bb5 Bc5 4. c3 Nf6 5. 0-0 0-0 6. d4 Bb6 7. Re1 d6 8. h3 Bd7 9. a4 a6 10. Bf1 Re8 11. d5 Ne7 12. Na3 Ng6 13. Nc4 Ba7 14. Be3 Bxe3 15. Rxe3 Nf4 16. a5 h6 17. Nh2 Nh7 18. b4 Qf6 19. Nd2 Kh8 20. c4 g5 21. Ng4 Qg6 22. f3 Rg8 23. Nf2 Nf6 24. g3 N6h5 25. Kh2 Nxg3 26. Kxg3 Qh5 27. Kh2 Qh4 28. Qe1 g4 29. fxg4 h5 30. Nf3 Qf6 31. g5 Qg7 32. Nd3 f6 33. Nxf4 exf4 34. gxf6 Qf7 35. Rea3 Rg3 36. Qd2 Qxf6 37. Qd4 Qxd4 38. Nxd4 Rag8 39. Ne2 R3g7 40. Rf3 1-0

[Event "Hessenliga 1112"]
[Site "Germany"]
[Date "2012.01.29"]
[Round "5.7"]
[White "Lange, Klaus"]
[Black "Heymann, Anna Luise"]
[Result "1-0"]
[WhiteElo "2110"]
[BlackElo "2025"]
[PlyCount "75"]
[EventDate "2011.09.25"]
[EventType "team-tourn"]
[EventRounds "9"]
[EventCountry "GER"]
[SourceTitle "EXT 2013"]
[Source "ChessBase"]
[SourceDate "2012.11.22"]
[SourceVersion "1"]
[SourceVersionDate "2012.11.22"]
[SourceQuality "1"]
[WhiteTeam "Dotzheim"]
[BlackTeam "Hofheim II"]
[WhiteTeamCountry "GER"]
[BlackTeamCountry "GER"]

1. Nf3 d6 2. d4 Nf6 3. g3 g6 4. Bg2 Bg7 5. 0-0 0-0 6. c4 Nc6 7. Nc3 a6 8. b3 Re8 9. Bb2 Rb8 10. e3 Bd7 11. Qe2 Qc8 12. Rac1 Bg4 13. Qd2 e5 14. Nd5 Ne4 15. Qd3 Bf5 16. Qd1 Bg4 17. Qd3 exd4 18. Nxd4 Nc5 19. Qd2 Ne5 20. f3 Bd7 21. Bc3 Ne6 22. f4 Ng4 23. h3 Nh6 24. Nxe6 Rxe6 25. Bxg7 Kxg7 26. Qc3+ f6 27. g4 Qd8 28. g5 Ng8 29. f5 Re5 30. gxf6+ Nxf6 31. fxg6 Nxd5 32. cxd5 Rc8 33. Rf7+ Kxg6 34. Rcf1 Bf5 35. R7xf5 Rxf5 36. Be4 Qg5+ 37. Kh1 Rcf8 38. Rg1 1-0

[Event "BL2 Sued 1112 (Women)"]
[Site "Germany"]
[Date "2011.11.26"]
[Round "3.1"]
[White "Dirmeier, Carolin"]
[Black "Heymann, Anna Luise"]
[Result "1/2-1/2"]
[WhiteElo "2055"]
[BlackElo "1998"]
[PlyCount "105"]
[EventDate "2011.10.29"]
[EventType "team-tourn"]
[EventRounds "7"]
[EventCountry "GER"]
[SourceTitle "EXT 2013"]
[Source "ChessBase"]
[SourceDate "2012.11.22"]
[SourceVersion "1"]
[SourceVersionDate "2012.11.22"]
[SourceQuality "1"]
[WhiteTeam "Bayern Muenchen (W)"]
[BlackTeam "Hofheim (W)"]
[WhiteTeamCountry "GER"]
[BlackTeamCountry "GER"]

1. e4 e5 2. Nf3 Nc6 3. d4 exd4 4. Nxd4 Bc5 5. Nxc6 Qf6 6. Qd2 dxc6 7. Bd3 Ne7 8. 0-0 0-0 9. Kh1 Qd6 10. f4 f6 11. Qe2 Ng6 12. a3 b5 13. Nc3 a6 14. Be3 Bxe3 15. Qxe3 c5 16. Rad1 Qd4 17. Qg3 c4 18. Be2 Qc5 19. Rd5 Qe7 20. Rfd1 Be6 21. R5d2 f5 22. e5 Rad8 23. Qe3 Rxd2 24. Rxd2 Rd8 25. g3 Rxd2 26. Qxd2 Qc5 27. Bf3 Ne7 28. Kg2 Nc6 29. Qf2 Qxf2+ 30. Kxf2 Nd4 31. Bd1 Kf7 32. Ke3 c5 33. Ne2 Nc6 34. Ng1 Bd5 35. Nf3 h6 36. Nh4 Ne7 37. g4 g6 38. gxf5 gxf5 39. Bh5+ Ke6 40. Ng6 Nxg6 41. Bxg6 b4 42. c3 bxc3 43. bxc3 a5 44. Kf2 Bc6 45. Kg3 Bd7 46. Bh5 Ke7 47. h4 Kf8 48. Bf3 Be6 49. Bc6 Kg7 50. Be8 Kf8 51. Bg6 Kg7 52. Be8 Kf8 53. Bb5 1/2-1/2

[Event "BL2 Sued 1112 (Women)"]
[Site "Germany"]
[Date "2011.10.30"]
[Round "2.2"]
[White "Horvath, Maria"]
[Black "Heymann, Anna Luise"]
[Result "1-0"]
[WhiteElo "2019"]
[BlackElo "1998"]
[PlyCount "61"]
[EventDate "2011.10.29"]
[EventType "team-tourn"]
[EventRounds "7"]
[EventCountry "GER"]
[SourceTitle "EXT 2013"]
[Source "ChessBase"]
[SourceDate "2012.11.22"]
[SourceVersion "1"]
[SourceVersionDate "2012.11.22"]
[SourceQuality "1"]
[WhiteTeam "Augsburg (W)"]
[BlackTeam "Hofheim (W)"]
[WhiteTeamCountry "GER"]
[BlackTeamCountry "GER"]

1. d4 Nf6 2. c4 g6 3. Nc3 Bg7 4. e4 d6 5. f3 0-0 6. Be3 Na6 7. Qd2 c5 8. d5 Nc7 9. Rd1 a6 10. a4 Bd7 11. a5 Rb8 12. Na2 Ba4 13. Rb1 e6 14. b3 Bd7 15. dxe6 Bxe6 16. Rd1 Nxe4 17. fxe4 Qh4+ 18. g3 Qxe4 19. Bg2 Qf5 20. Nf3 Rfd8 21. 0-0 Qh5 22. Ng5 Bg4 23. Rde1 f6 24. Ne4 d5 25. Nxf6+ Bxf6 26. Rxf6 dxc4 27. Qc3 cxb3 28. Qxb3+ Nd5 29. Nc3 c4 30. Qxc4 Rbc8 31. Bxd5+ 1-0

[Event "BL2 Sued 1112 (Women)"]
[Site "Germany"]
[Date "2011.10.29"]
[Round "1.2"]
[White "Heymann, Anna Luise"]
[Black "Meier, Annemarie Sylvia"]
[Result "0-1"]
[WhiteElo "1998"]
[BlackElo "2258"]
[PlyCount "72"]
[EventDate "2011.10.29"]
[EventType "team-tourn"]
[EventRounds "7"]
[EventCountry "GER"]
[SourceTitle "EXT 2013"]
[Source "ChessBase"]
[SourceDate "2012.11.22"]
[SourceVersion "1"]
[SourceVersionDate "2012.11.22"]
[SourceQuality "1"]
[WhiteTeam "Hofheim (W)"]
[BlackTeam "Deizisau (W)"]
[WhiteTeamCountry "GER"]
[BlackTeamCountry "GER"]

1. e4 c5 2. Nf3 e6 3. d4 cxd4 4. Nxd4 Nf6 5. Bd3 Nc6 6. Nxc6 bxc6 7. 0-0 d5 8. e5 Nd7 9. f4 Be7 10. Kh1 0-0 11. Nd2 f6 12. Qh5 f5 13. Nf3 c5 14. c3 Rb8 15. g4 g6 16. Qh3 d4 17. gxf5 exf5 18. Bc4+ Kg7 19. cxd4 Nb6 20. Be2 cxd4 21. Rd1 Bc5 22. Ng5 h6 23. b4 Bxb4 24. Nf3 Bc3 25. Rb1 Bb7 26. Kg1 Qd5 27. Rb3 Na4 28. Ba3 Rf7 29. Kf2 Qe4 30. Qg3 Re8 31. Nh4 g5 32. fxg5 f4 33. gxh6+ Kxh6 34. Qd3 Qe3+ 35. Kf1 Be4 36. Qa6+ Nb6 0-1

[Event "Vaujany op-A 2nd"]
[Site "Vaujany"]
[Date "2011.07.20"]
[Round "7"]
[White "Szajbely, Zsigmond"]
[Black "Heymann, Anna Luise"]
[Result "1-0"]
[WhiteElo "2154"]
[BlackElo "2025"]
[PlyCount "97"]
[EventDate "2011.07.14"]
[EventType "swiss"]
[EventRounds "9"]
[EventCountry "FRA"]
[SourceTitle "EXT 2012"]
[Source "ChessBase"]
[SourceDate "2011.11.24"]
[SourceVersion "1"]
[SourceVersionDate "2011.11.24"]
[SourceQuality "1"]

1. e4 d5 2. exd5 Qxd5 3. Nc3 Qd6 4. g3 Nf6 5. Bg2 g6 6. Nge2 Bg7 7. d4 0-0 8. Bf4 Qb6 9. 0-0 c6 10. Na4 Qa5 11. c3 Nh5 12. Be3 Bf5 13. Nc5 Qb5 14. b3 Nd7 15. c4 Qb4 16. Bd2 Qb6 17. Nxd7 Bxd7 18. Be3 Qc7 19. Qd2 e5 20. Bf3 exd4 21. Bxd4 Bxd4 22. Nxd4 Ng7 23. Rfe1 Nf5 24. Rad1 Rad8 25. Nxf5 Bxf5 26. Qb4 Be6 27. a4 Qb6 28. Qc3 Rxd1 29. Rxd1 Rd8 30. Rxd8+ Qxd8 31. b4 Qd6 32. c5 Qd7 33. h4 Bf5 34. h5 gxh5 35. Bxh5 Qd5 36. Qf3 Kf8 37. Qxd5 cxd5 38. Bf3 Be6 39. Kf1 Ke7 40. Ke2 b6 41. cxb6 axb6 42. a5 bxa5 43. bxa5 Kd6 44. Ke3 Kc5 45. a6 Bc8 46. Be2 Bd7 47. Kf4 Kb6 48. Ke5 Be6 49. f4 1-0

[Event "BL2 Mitte 1011 (Women)"]
[Site "Germany"]
[Date "2010.11.06"]
[Round "1.3"]
[White "Brand, Kathrin"]
[Black "Heymann, Anna Luise"]
[Result "1/2-1/2"]
[WhiteElo "1917"]
[BlackElo "2042"]
[PlyCount "84"]
[EventDate "2010.11.06"]
[EventType "team-tourn"]
[EventRounds "7"]
[EventCountry "GER"]
[SourceTitle "EXT 2012"]
[Source "ChessBase"]
[SourceDate "2011.11.24"]
[SourceVersion "1"]
[SourceVersionDate "2011.11.24"]
[SourceQuality "1"]
[WhiteTeam "Chemnitz (W)"]
[BlackTeam "Hofheim (W)"]
[WhiteTeamCountry "GER"]
[BlackTeamCountry "GER"]

1. b3 e5 2. Bb2 Nc6 3. e3 Nf6 4. Nf3 e4 5. Nd4 Nxd4 6. Bxd4 d5 7. d3 Bd6 8. Nd2 Bg4 9. Be2 Bxe2 10. Qxe2 exd3 11. cxd3 0-0 12. 0-0 Re8 13. Rac1 Qe7 14. Qf3 Be5 15. Bxe5 Qxe5 16. Rc2 a5 17. Qg3 Qxg3 18. hxg3 c6 19. Rb1 Ng4 20. Nf3 Ne5 21. Nxe5 Rxe5 22. b4 axb4 23. Rxb4 Re7 24. Rb6 Kf8 25. Rcb2 Ra7 26. g4 Ke8 27. Kf1 Kd8 28. Ke2 Kc7 29. d4 Re8 30. a4 Rb8 31. R6b4 b6 32. f3 Ra6 33. e4 dxe4 34. fxe4 Rba8 35. Ke3 f6 36. Kf4 R8a7 37. Ke3 Rxa4 38. Rxb6 Ra3+ 39. R6b3 Kd6 40. Kd3 R3a5 41. Ke3 Rg5 42. Kf4 Rga5 1/2-1/2

[Event "Vaujany op 1st"]
[Site "Vaujany"]
[Date "2010.07.13"]
[Round "4"]
[White "Stets, Dmitry"]
[Black "Heymann, Anna Luise"]
[Result "1-0"]
[WhiteElo "2478"]
[BlackElo "2039"]
[PlyCount "135"]
[EventDate "2010.07.10"]
[EventType "swiss"]
[EventRounds "9"]
[EventCountry "FRA"]
[SourceTitle "CBM 137 Extra"]
[Source "ChessBase"]
[SourceDate "2010.09.01"]
[SourceVersion "1"]
[SourceVersionDate "2010.09.01"]
[SourceQuality "1"]

1. e4 e5 2. Nf3 Nc6 3. Bb5 Bc5 4. 0-0 Nd4 5. Nxd4 Bxd4 6. c3 Bb6 7. d4 c6 8. Ba4 d6 9. Qd3 Nf6 10. Bg5 h6 11. Bh4 g5 12. Bg3 Qe7 13. d5 Bd7 14. dxc6 Bxc6 15. Bxc6+ bxc6 16. Nd2 Nh5 17. Nc4 Bc7 18. Rad1 Rd8 19. Ne3 Nf4 20. Qc4 Qd7 21. Bxf4 gxf4 22. Nf5 d5 23. Qe2 Kf8 24. c4 d4 25. Rd3 c5 26. Rfd1 Qc6 27. Ra3 Bb6 28. Rh3 Rb8 29. Qg4 Qg6 30. Qxg6 fxg6 31. Rxh6 Rxh6 32. Nxh6 Ba5 33. b3 Ke7 34. Ng4 Ke6 35. f3 Rb6 36. Nf2 Ra6 37. Nd3 Kd6 38. g3 fxg3 39. hxg3 g5 40. Rc1 Bb4 41. Rc2 Ra3 42. Kg2 a5 43. f4 gxf4 44. gxf4 exf4 45. e5+ Ke6 46. Re2 f3+ 47. Kxf3 a4 48. Nf4+ Kf5 49. e6 axb3 50. axb3 Rxb3+ 51. Kg2 Kxf4 52. e7 Rg3+ 53. Kf1 Rg8 54. Rf2+ Ke3 55. Rf8 Rxf8+ 56. exf8Q Kd3 57. Qf7 Ke3 58. Qf2+ Kd3 59. Qa2 Ke3 60. Qe2+ Kf4 61. Qd3 Ke5 62. Ke2 Kf4 63. Qf3+ Ke5 64. Kd3 Ke6 65. Qd5+ Kf6 66. Ke4 Kg6 67. Qf5+ Kh6 68. Qg4 1-0

[Event "Fourmies op 34th"]
[Site "Fourmies"]
[Date "2010.05.24"]
[Round "6"]
[White "Heymann, Anna Luise"]
[Black "Houriez, Clement"]
[Result "0-1"]
[WhiteElo "2050"]
[BlackElo "2262"]
[PlyCount "70"]
[EventDate "2010.05.22"]
[EventType "swiss"]
[EventRounds "7"]
[EventCountry "FRA"]
[SourceTitle "CBM 136 Extra"]
[Source "ChessBase"]
[SourceDate "2010.07.02"]
[SourceVersion "2"]
[SourceVersionDate "2010.07.15"]
[SourceQuality "1"]

1. e4 c5 2. Nf3 d6 3. d4 Nf6 4. Nc3 cxd4 5. Nxd4 a6 6. f4 e5 7. Nf3 Nbd7 8. a4 Be7 9. Bc4 0-0 10. 0-0 exf4 11. Bxf4 Qb6+ 12. Qd4 Re8 13. a5 Qxd4+ 14. Nxd4 Bf8 15. Rae1 Ne5 16. Bb3 Be6 17. Nd5 Nxd5 18. exd5 Bd7 19. Bxe5 Rxe5 20. Rxe5 dxe5 21. Nf3 Bc5+ 22. Kh1 f6 23. c3 e4 24. Nd4 Bxd4 25. cxd4 Kf8 26. d6 e3 27. Re1 Re8 28. d5 Re5 29. h3 Ke8 30. Kh2 Bb5 31. Kg3 Kd7 32. Kf3 e2 33. Kf2 Kxd6 34. g4 h6 35. Rc1 Re4 0-1

[Event "BL2 Sued 0910 (Women)"]
[Site "Germany"]
[Date "2010.03.14"]
[Round "7.3"]
[White "Heymann, Anna Luise"]
[Black "Frey, Alisa"]
[Result "0-1"]
[WhiteElo "2085"]
[BlackElo "2038"]
[PlyCount "138"]
[EventDate "2009.11.07"]
[EventType "team-tourn"]
[EventRounds "7"]
[EventCountry "GER"]
[SourceTitle "CBM 133 Extra"]
[Source "ChessBase"]
[SourceDate "2010.01.05"]
[SourceVersion "1"]
[SourceVersionDate "2010.01.05"]
[SourceQuality "1"]
[WhiteTeam "Hofheim (W)"]
[BlackTeam "Schott Mainz (W)"]
[WhiteTeamCountry "GER"]
[BlackTeamCountry "GER"]

1. e4 e5 2. Bc4 Nf6 3. d3 Nc6 4. Nf3 Be7 5. c3 0-0 6. 0-0 d6 7. Bb3 Na5 8. Bc2 c5 9. Re1 Nc6 10. Nbd2 Re8 11. h3 Bf8 12. Nf1 g6 13. Bg5 Bg7 14. N3h2 Qb6 15. Bb3 Be6 16. Qf3 Bxb3 17. axb3 Re6 18. Ne3 Qxb3 19. Nd5 Nxd5 20. exd5 e4 21. dxe4 Ne5 22. Qg3 Ree8 23. f4 Nd7 24. Ng4 f6 25. Bh4 Qc4 26. Qf3 a6 27. Bg3 Rf8 28. Ne3 Qb5 29. Qg4 Rf7 30. f5 g5 31. Bxd6 Qxb2 32. c4 Re8 33. Rad1 b5 34. cxb5 axb5 35. Kh1 Bf8 36. Bxf8 Rfxf8 37. Nf1 b4 38. Qe2 Qxe2 39. Rxe2 c4 40. Rd4 Rc8 41. Rc2 Ne5 42. Nd2 b3 43. Rc3 b2 44. Nb1 Rf7 45. Kg1 Ra7 46. Rd2 Rb8 47. Rcc2 Ra1 48. Rd1 Kf7 49. d6 Ke8 50. Kf1 Kd7 51. Ke2 Rb4 52. Kd2 Nd3 53. Kc3 Rba4 54. Rxb2 Nxb2 55. Kxb2 R4a2+ 56. Kc3 Rxg2 57. Kxc4 Rg3 58. e5 fxe5 59. Rf1 Rxh3 60. f6 Rh4+ 61. Kd3 Rf4 62. Rxf4 exf4 63. f7 Ra8 64. Nd2 Rf8 65. Nf3 h6 66. Ke4 Kxd6 67. Ne5 Ke6 68. Ng4 h5 69. Nh6 Rxf7 0-1

[Event "Hessenliga 0910"]
[Site "Germany"]
[Date "2010.02.21"]
[Round "7.6"]
[White "Wagner, Dennis"]
[Black "Heymann, Anna Luise"]
[Result "1/2-1/2"]
[WhiteElo "2061"]
[BlackElo "2085"]
[PlyCount "83"]
[EventDate "2009.09.20"]
[EventType "team-tourn"]
[EventRounds "9"]
[EventCountry "GER"]
[SourceTitle "EXT 2011"]
[Source "ChessBase"]
[SourceDate "2010.11.26"]
[SourceVersion "1"]
[SourceVersionDate "2010.11.26"]
[SourceQuality "1"]
[WhiteTeam "Kassel"]
[BlackTeam "Hofheim II"]
[WhiteTeamCountry "GER"]
[BlackTeamCountry "GER"]

1. e4 e5 2. Nf3 Nc6 3. Bb5 Bc5 4. c3 Nge7 5. 0-0 Bb6 6. d4 exd4 7. cxd4 d5 8. exd5 Nxd5 9. Re1+ Be6 10. Ne5 Qd6 11. Nc3 Nxc3 12. bxc3 0-0 13. Bxc6 bxc6 14. Nd3 Rfe8 15. a4 a5 16. Ba3 Qd5 17. Nf4 Qc4 18. Nxe6 Rxe6 19. Rxe6 Qxe6 20. Rb1 Re8 21. g3 Qc4 22. Qb3 Qd3 23. Rd1 Qf3 24. Bc5 h5 25. h4 Re2 26. Rf1 Bxc5 27. dxc5 Re5 28. Qb8+ Kh7 29. Qxc7 Rxc5 30. Qa7 Qxc3 31. Qxf7 Qc4 32. Qf8 Rd5 33. Re1 Qc5 34. Re7 Qd4 35. Re8 Re5 36. Qg8+ Kg6 37. Re6+ Rxe6 38. Qxe6+ Qf6 39. Qe8+ Kh6 40. Qh8+ Kg6 41. Qe8+ Kh6 42. Qh8+ 1/2-1/2

[Event "BL2 Sued 0910 (Women)"]
[Site "Germany"]
[Date "2009.12.05"]
[Round "3.2"]
[White "Dirmeier, Carolin"]
[Black "Heymann, Anna Luise"]
[Result "0-1"]
[WhiteElo "2030"]
[BlackElo "2085"]
[PlyCount "86"]
[EventDate "2009.11.07"]
[EventType "team-tourn"]
[EventRounds "7"]
[EventCountry "GER"]
[SourceTitle "CBM 133 Extra"]
[Source "ChessBase"]
[SourceDate "2010.01.05"]
[SourceVersion "1"]
[SourceVersionDate "2010.01.05"]
[SourceQuality "1"]
[WhiteTeam "Bayern Muenchen (W)"]
[BlackTeam "Hofheim (W)"]
[WhiteTeamCountry "GER"]
[BlackTeamCountry "GER"]

1. e4 e5 2. Nf3 Nc6 3. d4 exd4 4. Nxd4 Bc5 5. Nxc6 Qf6 6. Qd2 dxc6 7. Bd3 Be6 8. Qf4 0-0-0 9. Nc3 Bd4 10. Qxf6 Nxf6 11. Ne2 Ng4 12. Nxd4 Rxd4 13. b3 Ne5 14. Ke2 Nxd3 15. cxd3 Rhd8 16. Rd1 f5 17. Bb2 R4d7 18. f3 c5 19. Rac1 b6 20. h3 h5 21. Ke3 Kb7 22. Ke2 a5 23. Rd2 a4 24. bxa4 fxe4 25. fxe4 Bxa2 26. Ke3 Bb3 27. a5 Ra8 28. axb6 cxb6 29. d4 c4 30. d5 b5 31. Kd4 b4 32. Rb1 Rc8 33. Rc1 Kb6 34. Rf2 c3 35. Bxc3 Rc4+ 36. Kd3 Rdc7 37. Bd4+ Rxd4+ 38. Kxd4 Rxc1 39. Rf5 Rd1+ 40. Ke5 Bc4 41. Rf8 b3 42. Rb8+ Ka5 43. Kd6 Bb5 0-1

[Event "BL2 Sued 0910 (Women)"]
[Site "Germany"]
[Date "2009.11.08"]
[Round "2.2"]
[White "Meier, Annemarie Sylvia"]
[Black "Heymann, Anna Luise"]
[Result "1/2-1/2"]
[WhiteElo "2259"]
[BlackElo "2085"]
[PlyCount "75"]
[EventDate "2009.11.07"]
[EventType "team-tourn"]
[EventRounds "7"]
[EventCountry "GER"]
[SourceTitle "CBM 133 Extra"]
[Source "ChessBase"]
[SourceDate "2010.01.05"]
[SourceVersion "1"]
[SourceVersionDate "2010.01.05"]
[SourceQuality "1"]
[WhiteTeam "Deizisau (W)"]
[BlackTeam "Hofheim (W)"]
[WhiteTeamCountry "GER"]
[BlackTeamCountry "GER"]

1. c4 Nf6 2. Nc3 g6 3. g3 Bg7 4. Bg2 d6 5. e4 0-0 6. Nge2 e5 7. 0-0 Nc6 8. d3 Nh5 9. Nd5 Ne7 10. Bg5 f6 11. Be3 c6 12. Nxe7+ Qxe7 13. Nc3 Be6 14. h3 Qe8 15. c5 f5 16. exf5 gxf5 17. cxd6 f4 18. g4 fxe3 19. gxh5 exf2+ 20. Rxf2 Rxf2 21. Kxf2 Qd7 22. Ne4 Rf8+ 23. Ke2 Bh6 24. Qh1 Rf4 25. Rf1 Kf7 26. b3 Bf5 27. Rxf4 Bxf4 28. Qg1 b6 29. h4 Bg4+ 30. Ke1 Bxh5 31. Qf2 Bg6 32. Qf3 Bxe4 33. Qxe4 Qxd6 34. Qxh7+ Kf8 35. Qh8+ Ke7 36. Qg7+ Kd8 37. Qg8+ Ke7 38. Qg7+ 1/2-1/2

[Event "BL2 Sued 0910 (Women)"]
[Site "Germany"]
[Date "2009.11.07"]
[Round "1.2"]
[White "Heymann, Anna Luise"]
[Black "Roj, Michaela"]
[Result "0-1"]
[WhiteElo "2085"]
[BlackElo "1904"]
[PlyCount "56"]
[EventDate "2009.11.07"]
[EventType "team-tourn"]
[EventRounds "7"]
[EventCountry "GER"]
[SourceTitle "CBM 133 Extra"]
[Source "ChessBase"]
[SourceDate "2010.01.05"]
[SourceVersion "1"]
[SourceVersionDate "2010.01.05"]
[SourceQuality "1"]
[WhiteTeam "Hofheim (W)"]
[BlackTeam "Mutterstadt (W)"]
[WhiteTeamCountry "GER"]
[BlackTeamCountry "GER"]

1. e4 e5 2. Bc4 Nf6 3. d3 Bc5 4. Nf3 Nc6 5. c3 d6 6. Bb3 Qe7 7. 0-0 Bg4 8. Nbd2 h6 9. h3 Bd7 10. Re1 0-0-0 11. Bc2 g5 12. b4 Bb6 13. Nc4 g4 14. Nxb6+ axb6 15. hxg4 Bxg4 16. a4 Rdg8 17. a5 h5 18. Ba4 Nb8 19. axb6 cxb6 20. Re3 h4 21. Qb3 Be6 22. Qa3 h3 23. g3 Ng4 24. Re2 h2+ 25. Kh1 Qf6 26. Bf4 exf4 27. Rf1 Ne5 28. Nxe5 dxe5 0-1

[Event "GER-chT Federal Cup (Women)"]
[Site "Braunfels"]
[Date "2009.06.05"]
[Round "2"]
[White "Rubina, Tatiana"]
[Black "Heymann, Anna Luise"]
[Result "1-0"]
[WhiteElo "2150"]
[BlackElo "2081"]
[PlyCount "65"]
[EventDate "2009.06.04"]
[EventType "team-swiss"]
[EventRounds "5"]
[EventCountry "GER"]
[SourceTitle "CBM 130 Extra"]
[Source "ChessBase"]
[SourceDate "2009.07.02"]
[SourceVersion "2"]
[SourceVersionDate "2009.07.15"]
[SourceQuality "1"]

1. e4 e5 2. Nf3 Nc6 3. Bc4 Bc5 4. c3 Nf6 5. d3 a6 6. Bb3 d6 7. 0-0 0-0 8. Nbd2 Be6 9. h3 h6 10. Bc2 d5 11. Re1 Re8 12. Qe2 d4 13. Nf1 Qd7 14. Nh4 b5 15. Qf3 Kh7 16. Nf5 Bxf5 17. exf5 Nd5 18. Bd2 Be7 19. a3 Bf6 20. Ng3 Rad8 21. Ne4 Nce7 22. Nxf6+ gxf6 23. Qh5 Qxf5 24. Qxh6+ Kg8 25. cxd4 exd4 26. Re4 Ng6 27. Rae1 Nde7 28. Rg4 Qd5 29. h4 Nf5 30. Qf4 Ng7 31. Qxf6 Nh5 32. Qg5 Qxg5 33. Rxg5 1-0

[Event "FRA-chT3 Gr8 0203"]
[Site "France"]
[Date "2003.04.05"]
[Round "8"]
[White "Carlier, Guillaume"]
[Black "Heymann, Anna Luise"]
[Result "0-1"]
[WhiteElo "2098"]
[BlackElo "2134"]
[PlyCount "108"]
[EventDate "2002.10.??"]
[EventType "team"]
[EventRounds "9"]
[EventCountry "FRA"]
[SourceTitle "EXT 2005"]
[Source "ChessBase"]
[SourceDate "2004.11.15"]
[SourceVersion "1"]
[SourceVersionDate "2004.11.15"]
[SourceQuality "1"]

1. c4 g6 2. g3 Bg7 3. Bg2 Nf6 4. Nc3 d6 5. e4 0-0 6. Nge2 Nc6 7. 0-0 Re8 8. d3 Bg4 9. h3 Bxe2 10. Nxe2 Nd7 11. Rb1 a5 12. Be3 e5 13. a3 Nc5 14. b4 Ne6 15. Qd2 axb4 16. axb4 Ra4 17. f4 Ned4 18. Bxd4 Nxd4 19. Nxd4 exd4 20. Ra1 Qd7 21. Rxa4 Qxa4 22. f5 Qb3 23. f6 Bh8 24. g4 Re5 25. g5 Qc3 26. Qa2 Re8 27. Qa4 Rd8 28. Rd1 h6 29. h4 hxg5 30. hxg5 c6 31. Bh3 Re8 32. Bd7 Re5 33. Qa8+ Kh7 34. Qf8 Rxg5+ 35. Kf1 Bxf6 36. Qxf7+ Bg7 37. Qf3 Qxb4 38. Bg4 Qc5 39. Qh3+ Bh6 40. Rd2 Qe5 41. Rh2 Qg7 42. Ke2 Qf8 43. Rf2 Qe7 44. Be6 Rh5 45. Qg4 Rh4 46. Qg3 Bf4 47. Rxf4 Rxf4 48. Qxf4 Qxe6 49. Qg5 Kg7 50. Qd8 Qg4+ 51. Kf2 Qf4+ 52. Kg2 c5 53. Qd7+ Kh6 54. Qe7 Qg5+ 0-1

[Event "FRA-chT3 Gr8 0203"]
[Site "France"]
[Date "2003.02.02"]
[Round "6"]
[White "Francois, Claude"]
[Black "Heymann, Anna Luise"]
[Result "0-1"]
[WhiteElo "2084"]
[BlackElo "2134"]
[PlyCount "70"]
[EventDate "2002.10.??"]
[EventType "team"]
[EventRounds "9"]
[EventCountry "FRA"]
[SourceTitle "EXT 2005"]
[Source "ChessBase"]
[SourceDate "2004.11.15"]
[SourceVersion "1"]
[SourceVersionDate "2004.11.15"]
[SourceQuality "1"]

1. d4 Nf6 2. Nf3 g6 3. Nbd2 Bg7 4. e4 d6 5. c3 0-0 6. g3 c5 7. dxc5 dxc5 8. Bg2 Nc6 9. 0-0 h6 10. Qc2 Be6 11. Nb3 b6 12. Re1 Qd7 13. Bf4 Rad8 14. Rad1 Qc8 15. Qe2 Nh5 16. Bc1 Bg4 17. Rxd8 Rxd8 18. Qb5 Nf6 19. Nbd2 Nd7 20. a4 a6 21. Qf1 Nde5 22. Nxe5 Nxe5 23. Re3 c4 24. f4 Nd3 25. Nf3 Qc5 26. h3 Bxf3 27. Bxf3 Nxb2 28. Kg2 Nxa4 29. f5 Nxc3 30. fxg6 fxg6 31. Bg4 b5 32. Be6+ Kh7 33. Rxc3 Bxc3 34. Qf7+ Bg7 35. Bb2 c3 0-1